Retratos políticos, históricos i literarios del siglo XIX

Gorde:
Xehetasun bibliografikoak
Egile nagusia: Matta, Manuel Antonio (autor)
Formatua: Liburua
Hizkuntza:gaztelania
Argitaratua: Santiago Imprenta del Ferrocarril, calle de los Teatinos, núm. 34 1860
Edizioa:1a. ed
Gaiak:
Etiketak: Etiketa erantsi
Etiketarik gabe, Izan zaitez lehena erregistro honi etiketa jartzen!

MARC

LEADER 00000nam a2200000 a 4500
001 UCJ3713
003 CL-VaPUC
005 20220303183434.0
008 070124e18600000CL |||||||||||||||||spa|d
999 |c 319835  |d 319833 
040 |c Pontificia Universidad Católica de Valparaíso 
082 0 4 |a 920  |b MAT  |2 21 
100 |a Matta, Manuel Antonio  |e autor  |9 863887 
245 1 0 |a Retratos políticos, históricos i literarios del siglo XIX 
250 |a 1a. ed 
260 |a Santiago  |b Imprenta del Ferrocarril, calle de los Teatinos, núm. 34  |c 1860 
300 |a 229 p 
500 |a Empastado junto a otra monografía en un volumen rotulado M. A. Matta y ubicado en 983 MAT 
583 |a last modification  |c 20070124 00:00:00  |k Rodrigo Vera 
600 0 7 |a BLANQUI, JERONIMO ADOLFO  |2 CL-VaPUC  |9 505964 
600 0 7 |a PERSIGNY, JUAN GILBERTO VICTOR FIALIN, DUQUE DE  |2 CL-VaPUC  |9 505965 
600 0 7 |a PALMERSTON, HENRY JOHN TEMPLE  |2 CL-VaPUC  |9 505966 
600 0 |a Lamennais, Félicité Robert de  |d 1782-1854  |9 505967 
600 0 |a Montalembert, Charles Forbes de Tryon,  |c Conde de,  |d 1810-1870  |9 866945 
600 0 7 |a Michelet, Jules,  |d 1798-1874  |9 865632 
600 0 7 |a TALLEYRAND, CHARLES MAURICE DE, DUQUE DE PERIGORD  |2 CL-VaPUC  |9 505970 
600 0 7 |a SAINT ARNAUD, JACQUES LEROY DE  |2 CL-VaPUC  |9 505971 
650 7 |a BIOGRAFIA  |2 CL-VaPUC  |9 504622 
650 0 |a Crítica literaria   |9 269189 
650 0 |a Historiografía   |9 257871 
942 |c BK  |2 ddc 
945 |d 20070124 00:00:00  |a rinostro 
952 |0 0  |1 0  |4 0  |6 920_000000000000000_MAT_1860  |7 0  |8 X  |9 398230  |a FDOBUD  |b FDOBUD  |d 2019-11-22  |i 1031848  |o 920 MAT 1860  |p 1031848  |r 2019-11-22  |w 2019-11-22  |y BK_X  |k BUD